000 00679nam a2200181Ia 4500
008 100920s9999 xx 000 0 und d
082 _b74708
_a520 थ 99
100 _aनार्वेकर श्रीधर.
245 _aसामंज्याने कामजीवन फुलवा.
260 _bमनोविकास प्रकाशन, मुंबई.
_c1999
300 _a234
_bसाधी
365 _b150
520 _aशाअ.
630 _aसामंज्याने कामजीवन फुलवा.
650 _aशाअ.
730 _aसामंज्याने कामजीवन फुलवा.
942 _cBOOK
999 _c716286
_d716283